000 00517nam a2200169 i 4500
001 89446
003 ES-MaACL
005 20230906180157.0
007 t|
008 050110s1911 fr ||||1| fre d
100 1 _aLanglois, Charles-Victor.
_970063
245 1 3 _aLa vie en France au moyen âge d'après quelques moralistes du temps /
_cCh. Victor Langlois.
250 _a2eme ed.
260 _aParís :
_b[s.n.,
_c1911] (
_eChartres :
_fImp. Durand)
300 _aXIX, 359 p. ;
_c19 cm.
852 _aES-MaACL
_jF-9325
999 _c89446
_d89446